| 000 | 00838nam a22002657a 4500 | ||
|---|---|---|---|
| 005 | 20160121093019.0 | ||
| 008 | 121109s2013 nyua b 001 0 eng | ||
| 020 | _a9780071805704 | ||
| 020 | _a9780071791137 (alk. paper) | ||
| 020 | _a0071791132 (alk. paper) | ||
| 041 | 0 | _aeng | |
| 080 | _a174.4 | ||
| 100 | 1 |
_aRothwell, William J., _d1951- |
|
| 245 | 1 | 0 |
_aBecoming an effective mentoring leader : _cWilliam Rothwell, Peter Chee. |
| 260 |
_aNew York : _bMcGraw-Hill, _c2013. |
||
| 300 |
_a198 f. : _bme il.; _c25 cm. |
||
| 505 | 0 | _aIndex: f. 191 - 198 | |
| 650 | 0 | _aBiznes | |
| 650 | 0 | _aMonitorimi | |
| 650 | 0 | _aNdryshimet në organizatë | |
| 650 | 0 | _aPlanifikimi strategjik | |
| 650 | 0 | _aMotivimi i punëtorëve | |
| 700 | 1 | _aChee, Peter. | |
| 942 |
_2udc _cBK |
||
| 999 |
_c786 _d786 |
||